000 00818nam a2200229 a 4500
999 _c10902
_d10902
001 10902
003 BD-JhCC
005 20221115134023.0
008 190527b19992015bg |||| ||a| 000 0 ben d
020 _a9844950294
035 _a(BD-JhCC)10902
040 _aBD-JhCC
_dBD-JhCC
041 _aben
082 _a891.443
_bMOZ 2015
100 _aমজুমদার, সমরেশ
245 _aশ্রেষ্ঠ উপন্যাস :
_bসাতকাহন প্রথম পর্ব, সাতকাহন দ্বিতীয় পর্ব, দৌড় /
_cসমরেশ মজুমদার
260 _aঢাকা,
_bপার্ল পালিকেশন্স;
_c২০১৫.
300 _av-2, 868 p. :
_c22 cm.
650 _aBengali Novel
942 _2ddc
_cBK
_07